00351nam a2200133Ia 4500003000900000008004100009040003300050041000800083080001200091100001800103245003700121260003900158300002000197LK-CoDNM010623t1927 xxu||||| |||| 00| 1 eng d aLK-CoDNMdLK-CoDNMeLK-CoDNM aeng a50bC16 aMendis,H.E.C. aPrimitive Scriptural Catholicism bColombo Apothecaries Companyc1927 bXI,203P., 21 cm